[Event "NRW Kl. Hansa Do 2-2^6 (3. Br.)"]
[Site "?"]
[Date "2020.02.23"]
[Round "?"]
[White "Guthier, Max"]
[Black "Linker, Walter"]
[Result "0-1"]
[WhiteElo "2009"]
[BlackElo "2002"]
[PlyCount "130"]
[EventDate "2020.??.??"]
[SourceVersionDate "2020.03.16"]

1. d4 Nf6 2. Nc3 d5 3. Bf4 e6 4. e3 Bb4 5. Bd3 O-O 6. a3 Bxc3+ 7. bxc3 Nbd7 8.
Nf3 c5 9. Bd6 Re8 10. dxc5 Qa5 11. O-O Nxc5 12. Rb1 Nce4 13. Bb4 Qc7 14. c4 a5
15. Be1 dxc4 16. Bxe4 Nxe4 17. Qd4 Nd6 18. Bc3 f6 19. Rfd1 Ra6 20. e4 e5 21.
Qe3 Qc6 22. Bxa5 Rxa5 23. Rb6 Qxe4 24. Qc3 Rd5 25. Rxd6 Rxd6 26. Rxd6 Bf5 27.
Ne1 Ra8 28. Kf1 Rc8 29. Qb4 c3 30. Qb3+ Qc4+ 31. Qxc4+ Rxc4 32. Rb6 Be4 33. f3
Bd5 34. Rb4 Rc5 35. Ke2 Ra5 36. a4 Bc6 37. Kd3 Rxa4 38. Kxc3 Ra1 39. Kd2 Kf7
40. Ke2 Ke7 41. Rh4 h6 42. Rg4 Kf7 43. Rb4 g5 44. h4 Ra4 45. Rxa4 Bxa4 46. hxg5
hxg5 47. g4 Ke6 48. Kd2 Bc6 49. Ke3 f5 50. gxf5+ Kxf5 51. Nd3 Bxf3 52. Nc5 Bc6
53. c4 g4 54. Kf2 Kf4 55. Ne6+ Ke4 56. Kg3 Kd3 57. c5 Bf3 58. Nd8 Kc4 59. Nf7
Kd5 60. Kf2 Kd4 61. Kg3 e4 62. Nd6 e3 63. Nf5+ Kd3 64. Nd6 e2 65. Kf2 g3+ 0-1

[Event "NRW Kl. Hansa Do 2-2^6 (4. Br.)"]
[Site "?"]
[Date "2020.02.23"]
[Round "?"]
[White "Krueger, Simon"]
[Black "Spisla, Dominik"]
[Result "1/2-1/2"]
[WhiteElo "2010"]
[BlackElo "1976"]
[PlyCount "96"]
[EventDate "2020.??.??"]
[SourceVersionDate "2020.03.16"]

1. d4 Nf6 2. Nf3 e6 3. g3 c5 4. Bg2 d5 5. O-O Nc6 6. b3 cxd4 7. Nxd4 Bc5 8.
Nxc6 bxc6 9. c4 O-O 10. Qc2 Qe7 11. Bb2 Bb7 12. Nc3 Rac8 13. Na4 Ba3 14. Bxa3
Qxa3 15. c5 Ba6 16. Rfd1 Bb5 17. Rd4 e5 18. Rh4 e4 19. Bh3 Rb8 20. Nb2 Rfe8 21.
e3 a5 22. Rf4 a4 23. Qc3 d4 24. Qxd4 Red8 25. Qe5 axb3 26. Rxf6 gxf6 27. Qxf6
Rd5 28. Be6 fxe6 29. Qxe6+ Kf8 30. Qf6+ Ke8 31. Nc4 Bxc4 32. axb3 Rxb3 33.
Qxc6+ Ke7 34. Qc7+ Rd7 35. Qe5+ Kd8 36. Qh8+ Kc7 37. Qe5+ Kc6 38. Qf6+ Kxc5 39.
h4 Qb4 40. Qf5+ Rd5 41. Qc8+ Kd6 42. Qf8+ Ke6 43. Qg8+ Kf6 44. Qh8+ Kg6 45.
Qg8+ Kh6 46. Qe6+ Kh5 47. Qe8+ Kh6 48. Qe6+ Kh5 1/2-1/2

[Event "NRW Kl. Hansa Do 2-2^6 (5. Br.)"]
[Site "?"]
[Date "2020.02.23"]
[Round "7"]
[White "Oelschlaeger, Lennart"]
[Black "Prueske, Wolfgang"]
[Result "1/2-1/2"]
[WhiteElo "1929"]
[BlackElo "1998"]
[PlyCount "66"]
[EventDate "2020.??.??"]
[SourceVersionDate "2020.03.16"]

1. e4 c6 2. c4 d5 3. cxd5 cxd5 4. exd5 Qxd5 5. Nc3 Qd8 6. Nf3 Nf6 7. Bc4 e6 8.
O-O Be7 9. d4 O-O 10. Qe2 Nc6 11. Rd1 Nb4 12. Bg5 Nbd5 13. Ne5 a6 14. Rac1 Re8
15. Qf3 Rf8 16. Bd3 Qd6 17. Qh3 g6 18. Qf3 Rb8 19. Bh6 Re8 20. Ne4 Qd8 21. Ng5
Bf8 22. Ngxf7 Qe7 23. Bxg6 hxg6 24. Qg3 Bxh6 25. Nxh6+ Kg7 26. Qxg6+ Kf8 27.
Qg5 Qh7 28. Ng6+ Kg7 29. Rc7+ Bd7 30. Ne5+ Kf8 31. Ng6+ Kg7 32. Ne5+ Kf8 33.
Ng6+ Kg7 1/2-1/2

[Event "NRW Kl. Hansa Do 2-2^6 (6. Br.)"]
[Site "?"]
[Date "2020.02.23"]
[Round "?"]
[White "Hillebrand, Carsten"]
[Black "Ehrlich, Tim"]
[Result "0-1"]
[WhiteElo "1948"]
[BlackElo "1920"]
[PlyCount "100"]
[EventDate "2020.??.??"]
[SourceVersionDate "2020.03.16"]

1. c4 e5 2. g3 Nc6 3. Bg2 g6 4. Nc3 Bg7 5. d3 Nge7 6. Bd2 O-O 7. h4 h5 8. Nh3
d6 9. O-O Rb8 10. Rb1 Be6 11. Ng5 d5 12. cxd5 Bxd5 13. Nxd5 Nxd5 14. Qb3 Nce7
15. Rbc1 c6 16. e4 Nc7 17. a4 Na6 18. Be3 b6 19. Rfd1 c5 20. Kh2 Nb4 21. f4
Nec6 22. f5 Na5 23. Qa3 Qd6 24. Bf1 Bf6 25. Bd2 Nac6 26. fxg6 Bxg5 27. Bxg5
fxg6 28. Rd2 Rb7 29. Qb3+ Kg7 30. Be3 Rbf7 31. Bg2 Nd4 32. Bxd4 Qxd4 33. Qc3
Qd6 34. Re1 a5 35. Ree2 Nc6 36. Kg1 Nd4 37. Rf2 Qd7 38. Rxf7+ Rxf7 39. Rf2 Qxa4
40. Rxf7+ Kxf7 41. Qd2 Qc2 42. Qh6 Ne6 43. Bh3 Qb1+ 44. Kh2 Qxb2+ 45. Kh1 Ng7
46. Qg5 Qd4 47. Qd2 a4 48. Qa2+ Kf8 49. Qb1 a3 50. Qb3 Qa1+ 0-1

[Event "NRW Kl. Hansa Do 2-2^6 (7. Br.)"]
[Site "?"]
[Date "2020.02.23"]
[Round "?"]
[White "Homfeldt, Christopher"]
[Black "Dawid, Adalbert"]
[Result "1/2-1/2"]
[WhiteElo "1767"]
[BlackElo "1891"]
[PlyCount "41"]
[EventDate "2020.??.??"]
[SourceVersionDate "2020.03.16"]

1. d4 Nf6 2. c4 e6 3. Nf3 b6 4. g3 Bb7 5. Bg2 c5 6. d5 exd5 7. Nh4 Be7 8. cxd5
d6 9. Nf5 O-O 10. Nc3 Re8 11. Nxe7+ Qxe7 12. O-O Nbd7 13. Re1 Nf8 14. e4 Rad8
15. f4 Qd7 16. Bf1 a6 17. a4 Re7 18. Bd2 Rde8 19. Qc2 Qg4 20. Be2 Qh3 21. Bf1
1/2-1/2

[Event "NRW Kl. Hansa Do 2-2^6 (8. Br.)"]
[Site "?"]
[Date "2020.02.23"]
[Round "?"]
[White "Wolffgang, Georg"]
[Black "Gefnider, Andreas"]
[Result "1-0"]
[WhiteElo "1774"]
[BlackElo "1774"]
[PlyCount "103"]
[EventDate "2020.??.??"]
[SourceVersionDate "2020.03.16"]

1. d4 d5 2. Bf4 Nf6 3. e3 e6 4. Nf3 b6 5. c3 Bb7 6. Nbd2 Be7 7. Ne5 O-O 8. Bd3
Nbd7 9. h4 Nxe5 10. dxe5 Ne4 11. Qh5 f5 12. exf6 Nxf6 13. Qe5 Qd7 14. Qxc7 Rac8
15. Qxd7 Nxd7 16. Nf3 Bf6 17. Ng5 e5 18. Bxh7+ Kh8 19. Bg3 d4 20. Be4 Ba6 21.
O-O-O Nc5 22. exd4 exd4 23. Bf5 dxc3 24. b4 c2 25. Rd2 Na4 26. Bxc8 Bb2+ 27.
Kxc2 Rxc8+ 28. Kb1 Bc3 29. Rd8+ Rxd8 30. Nf7+ Kg8 31. Nxd8 Bxb4 32. Kc2 Nc5 33.
Nc6 Bd3+ 34. Kb2 Bd2 35. Rd1 Bh6 36. Nxa7 Be4 37. f3 Bg6 38. Nc6 Bf7 39. Ne7+
Kh7 40. Nf5 Na4+ 41. Ka3 Nc3 42. Nxh6 Nxd1 43. Nxf7 Ne3 44. Ne5 Nxg2 45. Ng4
Kg6 46. Kb4 Kh5 47. Kb5 Nxh4 48. Bxh4 Kxh4 49. Kxb6 Kg3 50. Ne5 Kf4 51. Ng6+
Kf5 52. a4 1-0

[Event "Gütersloher SV 1 - SV Soest 1"]
[Site "NRW-Klasse - Gruppe 2 2019/20"]
[Date "2019.09.08"]
[Round "1.1"]
[White "Tscheuschner, Tobias"]
[Black "Plaßmann, Dominik"]
[Result "1/2-1/2"]
[WhiteElo "2093"]
[BlackElo "2106"]
[PlyCount "58"]
[EventDate "2019.??.??"]
[SourceVersionDate "2020.03.16"]
[WhiteTeam "SV Soest 1"]
[BlackTeam "Gütersloher SV 1"]

1. b3 d5 2. Bb2 Bf5 3. Nf3 e6 4. e3 Nf6 5. c4 Be7 6. d3 O-O 7. Qc2 c6 8. Nbd2
Nbd7 9. Nh4 Bg6 10. Nxg6 hxg6 11. Be2 e5 12. h4 Re8 13. O-O-O a5 14. h5 gxh5
15. Bxh5 a4 16. Be2 axb3 17. axb3 Ra2 18. Rh3 Ba3 19. Bxa3 Rxc2+ 20. Kxc2 Nf8
21. Rdh1 Ng6 22. g3 Qa5 23. Bb2 Kf8 24. g4 b5 25. g5 Ng8 26. Ra1 Qb6 27. Ba3+
b4 28. Bb2 N8e7 29. Bg4 c5 1/2-1/2

[Event "Gütersloher SV 1 - SV Soest 1"]
[Site "NRW-Klasse - Gruppe 2 2019/20"]
[Date "2019.09.08"]
[Round "1.2"]
[White "Janyska, Dennis"]
[Black "Nolte, Klaus"]
[Result "1-0"]
[WhiteElo "2050"]
[BlackElo "1948"]
[Annotator "Daniel"]
[PlyCount "59"]
[EventDate "2019.??.??"]
[SourceVersionDate "2020.03.16"]
[WhiteTeam "Gütersloher SV 1"]
[BlackTeam "SV Soest 1"]

1. Nc3 e6 2. d4 d5 3. e4 Bb4 4. exd5 exd5 5. Bd3 c6 6. Bf4 Nf6 7. Qf3 Bg4 8.
Qe3+ Qe7 9. Qxe7+ Bxe7 10. Kd2 O-O 11. h3 Be6 12. Nf3 h6 13. Rae1 Re8 14. g4 g5
15. Bg3 Nbd7 16. Ne5 Nxe5 17. Bxe5 Nd7 18. Bh2 Bf6 19. Ne2 c5 $11 20. c3 Rac8
21. f4 Nb6 22. b3 a6 23. dxc5 Rxc5 24. Bg1 Rc6 25. Bd4 Bxd4 26. Nxd4 Rcc8 27.
fxg5 hxg5 28. Re5 Nd7 29. Rxg5+ Kh8 30. Rf1 1-0

[Event "Gütersloher SV 1 - SV Soest 1"]
[Site "NRW-Klasse - Gruppe 2 2019/20"]
[Date "2019.09.08"]
[Round "1.3"]
[White "Gerard, Marcel"]
[Black "Grochtmann, Stephan"]
[Result "1/2-1/2"]
[WhiteElo "1948"]
[BlackElo "2018"]
[PlyCount "81"]
[EventDate "2019.??.??"]
[SourceVersionDate "2020.03.16"]
[WhiteTeam "SV Soest 1"]
[BlackTeam "Gütersloher SV 1"]

1. c4 Nc6 2. g3 e5 3. Nc3 Bc5 4. Bg2 Nf6 5. e3 d6 6. Nge2 O-O 7. O-O a5 8. b3
Bf5 9. d3 Qd7 10. Bb2 Ba7 11. Ne4 Nxe4 12. dxe4 Bg4 13. Qd2 Bxe2 14. Qxe2 a4
15. Bc3 Bb6 16. b4 a3 17. Rab1 Qe6 18. Rb3 Ra4 19. Rfb1 Rfa8 20. Qd3 Nd8 21.
Rd1 h5 22. h3 h4 23. g4 Ba7 24. Bf1 Bb8 25. f4 exf4 26. exf4 Nc6 27. Re1 g5 28.
e5 Ba7+ 29. Kh1 dxe5 30. fxe5 Rd8 31. Qe4 Bd4 32. b5 Bxc3 33. Rxc3 Ne7 34. Rf3
Nd5 35. Qc2 Nb6 36. Rf6 Qd7 37. c5 Qd5+ 38. Bg2 Rc4 39. Qf5 Qd2 40. Rf1 Rc2 41.
Rg6+ 1/2-1/2

[Event "Gütersloher SV 1 - SV Soest 1"]
[Site "NRW-Klasse - Gruppe 2 2019/20"]
[Date "2019.09.08"]
[Round "1.4"]
[White "Wulfhorst, Noah"]
[Black "Seibt, Matthias"]
[Result "1-0"]
[WhiteElo "1973"]
[BlackElo "2055"]
[PlyCount "57"]
[EventDate "2019.??.??"]
[SourceVersionDate "2020.03.16"]
[WhiteTeam "Gütersloher SV 1"]
[BlackTeam "SV Soest 1"]

1. c4 Nf6 2. g3 g6 3. Bg2 Bg7 4. Nc3 O-O 5. Nf3 d6 6. O-O Nc6 7. d3 Nh5 8. Bd2
f5 9. Qc1 e6 10. Rb1 a5 11. a3 Bd7 12. b4 axb4 13. axb4 Qe7 14. Nb5 Rfc8 15.
Be3 Nf6 16. Nfd4 Nd8 17. h3 e5 18. Nb3 Nc6 19. Na5 Nxa5 20. bxa5 Rxa5 21. Bxb7
Rb8 22. Nxc7 f4 23. Bd5+ Nxd5 24. Rxb8+ Kf7 25. Nxd5 Rxd5 26. cxd5 fxe3 27.
fxe3+ Bf6 28. Rb7 Qd8 29. Qc7 1-0

[Event "Gütersloher SV 1 - SV Soest 1"]
[Site "NRW-Klasse - Gruppe 2 2019/20"]
[Date "2019.09.08"]
[Round "1.5"]
[White "Luimes, Werner"]
[Black "Neumann, Theodor"]
[Result "0-1"]
[WhiteElo "1847"]
[BlackElo "1921"]
[PlyCount "76"]
[EventDate "2019.??.??"]
[SourceVersionDate "2020.03.16"]
[WhiteTeam "SV Soest 1"]
[BlackTeam "Gütersloher SV 1"]

1. d4 d5 2. c4 e6 3. Nf3 Nf6 4. e3 Nbd7 5. Nc3 c6 6. cxd5 exd5 7. Bd3 Bd6 8.
Bd2 O-O 9. Rc1 b6 10. Qb3 Bb7 11. Na4 Rb8 12. Qc2 Qe7 13. O-O c5 14. b3 Rfc8
15. Qb1 Ne4 16. Bc3 c4 17. bxc4 dxc4 18. Be2 Bc6 19. Bd1 b5 20. Nc5 Ndxc5 21.
dxc5 Bxc5 22. Be5 Rb7 23. Qa1 f6 24. Bd4 Ba3 25. Rc2 Bd5 26. Be2 b4 27. Rd1 Bf7
28. Bb2 Bxb2 29. Qxb2 c3 30. Qb1 a5 31. Nd4 a4 32. Ba6 b3 33. Bxb7 Qxb7 34.
axb3 axb3 35. Rcc1 b2 36. Rc2 Nd2 37. Rcxd2 cxd2 38. Ne2 Bg6 0-1

[Event "Gütersloher SV 1 - SV Soest 1"]
[Site "NRW-Klasse - Gruppe 2 2019/20"]
[Date "2019.09.08"]
[Round "1.6"]
[White "Hanhoerster, Stephan"]
[Black "Schwarzkopp, Franz"]
[Result "1/2-1/2"]
[WhiteElo "1998"]
[BlackElo "1793"]
[PlyCount "27"]
[EventDate "2019.??.??"]
[SourceVersionDate "2020.03.16"]
[WhiteTeam "Gütersloher SV 1"]
[BlackTeam "SV Soest 1"]

1. Nf3 d5 2. c4 c6 3. d4 Nf6 4. Nbd2 Bf5 5. Nh4 Bc8 6. e3 g6 7. Bd3 Bg7 8. O-O
O-O 9. Nhf3 Nbd7 10. Qb3 Qb6 11. cxd5 Qxb3 12. Nxb3 Nxd5 13. Bd2 e5 14. e4
1/2-1/2

[Event "Gütersloher SV 1 - SV Soest 1"]
[Site "NRW-Klasse - Gruppe 2 2019/20"]
[Date "2019.09.08"]
[Round "1.7"]
[White "Greving, Hermann"]
[Black "Lueckner, Andreas"]
[Result "1/2-1/2"]
[WhiteElo "1789"]
[BlackElo "1933"]
[PlyCount "27"]
[EventDate "2019.??.??"]
[SourceVersionDate "2020.03.16"]
[WhiteTeam "SV Soest 1"]
[BlackTeam "Gütersloher SV 1"]

1. d4 Nf6 2. c4 e6 3. g3 d5 4. Bg2 Bb4+ 5. Bd2 Be7 6. Nf3 dxc4 7. Qa4+ Bd7 8.
Qxc4 Bc6 9. O-O Bd5 10. Qa4+ Bc6 11. Qc2 Be4 12. Qa4+ Bc6 13. Qc2 Be4 14. Qa4+
1/2-1/2

[Event "Gütersloher SV 1 - SV Soest 1"]
[Site "NRW-Klasse - Gruppe 2 2019/20"]
[Date "2019.09.08"]
[Round "1.8"]
[White "Asani, Baskim"]
[Black "Enste, Thomas"]
[Result "1-0"]
[WhiteElo "1923"]
[BlackElo "1759"]
[PlyCount "81"]
[EventDate "2019.??.??"]
[SourceVersionDate "2020.03.16"]
[WhiteTeam "Gütersloher SV 1"]
[BlackTeam "SV Soest 1"]

1. d4 d5 2. Bf4 e6 3. Nf3 Bd6 4. Ne5 f6 5. Nd3 f5 6. Ne5 Nf6 7. e3 O-O 8. Bd3
Ng4 9. Nxg4 Bxf4 10. exf4 fxg4 11. g3 Nc6 12. c3 Qe7 13. Nd2 Bd7 14. Nf1 e5 15.
dxe5 d4 16. Bc4+ Kh8 17. Be2 Rae8 18. cxd4 Qb4+ 19. Qd2 Nxd4 20. Qxb4 Nc2+ 21.
Kd2 Nxb4 22. Ne3 Rd8 23. Kc3 c5 24. a3 Nc6 25. Bxg4 Nd4 26. Bxd7 Rxd7 27. Nc4
Ne2+ 28. Kb3 Rd3+ 29. Kc2 Rd4 30. Nd6 g5 31. Rhe1 Nxf4 32. gxf4 Rdxf4 33. e6
Rxf2+ 34. Kb3 R8f3+ 35. Ka2 b5 36. e7 b4 37. e8=Q+ Kg7 38. Qd7+ Kh6 39. Re6+
Kh5 40. Qxh7+ Kg4 41. Rg1+ 1-0

[Event "Südlohner SV 1 - SF Essen-Werden 1"]
[Site "NRW-Klasse - Gruppe 2 2019/20"]
[Date "2019.09.08"]
[Round "1.1"]
[White "Kaufeld, Juergen"]
[Black "Michalczak, Thomas"]
[Result "1-0"]
[WhiteElo "2221"]
[BlackElo "2292"]
[PlyCount "67"]
[EventDate "2019.??.??"]
[SourceVersionDate "2020.03.16"]
[WhiteTeam "SF Essen-Werden 1"]
[BlackTeam "Südlohner SV 1"]

1. Nf3 Nf6 2. g3 g6 3. b3 Bg7 4. Bb2 c5 5. c4 d6 6. Bg2 e5 7. d3 O-O 8. Nc3 e4
9. dxe4 Nxe4 10. Nxe4 Bxb2 11. Rb1 Bg7 12. Qxd6 Bc3+ 13. Kf1 Qxd6 14. Nxd6 Nc6
15. Ng5 f5 16. Bd5+ Kh8 17. Bxc6 bxc6 18. Nxc8 Rfxc8 19. Rd1 Re8 20. Rd7 Bg7
21. e3 a5 22. Kg2 h6 23. Nf7+ Kg8 24. Rhd1 Bf8 25. Rc7 a4 26. Rdd7 axb3 27.
axb3 Ra6 28. Nd8 Rb6 29. h4 h5 30. Kf3 Rb8 31. Nb7 Re6 32. Rd8 Re8 33. Rxe8
Rxe8 34. Rxc6 1-0

[Event "Südlohner SV 1 - SF Essen-Werden 1"]
[Site "NRW-Klasse - Gruppe 2 2019/20"]
[Date "2019.09.08"]
[Round "1.2"]
[White "Kolakovic, Klaudio"]
[Black "Kauch, Markus"]
[Result "0-1"]
[WhiteElo "2101"]
[BlackElo "2175"]
[PlyCount "60"]
[EventDate "2019.??.??"]
[SourceVersionDate "2020.03.16"]
[WhiteTeam "Südlohner SV 1"]
[BlackTeam "SF Essen-Werden 1"]

1. d4 d6 2. e4 Nf6 3. Nc3 c6 4. f4 Qa5 5. Bd3 e5 6. Nf3 exd4 7. Nxd4 g6 8. Nb3
Qb6 9. Qe2 Bg7 10. Be3 Qc7 11. h3 O-O 12. O-O-O a5 13. a4 Na6 14. Qf2 Nb4 15.
Bb6 Qe7 16. e5 Nfd5 17. Nxd5 Nxd5 18. exd6 Qxd6 19. Bc5 Qf6 20. Bxf8 Qxb2+ 21.
Kd2 Bxf8 22. Ke1 Nc3 23. Rc1 Be6 24. Kd2 Bb4 25. Ke3 Bxb3 26. Kf3 Bd5+ 27. Kg3
Nxa4 28. h4 Nc5 29. Qe3 Nxd3 30. cxd3 Qxg2# 0-1

[Event "Südlohner SV 1 - SF Essen-Werden 1"]
[Site "NRW-Klasse - Gruppe 2 2019/20"]
[Date "2019.09.08"]
[Round "1.3"]
[White "Roth, Markus"]
[Black "van Lith, Arjan"]
[Result "1/2-1/2"]
[WhiteElo "2183"]
[BlackElo "2188"]
[PlyCount "83"]
[EventDate "2019.??.??"]
[SourceVersionDate "2020.03.16"]
[WhiteTeam "SF Essen-Werden 1"]
[BlackTeam "Südlohner SV 1"]

1. Nf3 Nf6 2. c4 e6 3. g3 b6 4. Bg2 Bb7 5. O-O Be7 6. Nc3 O-O 7. Re1 Ne4 8.
Nxe4 Bxe4 9. d4 d6 10. Bh3 c5 11. Be3 Bf6 12. Qd2 Bxf3 13. exf3 Nc6 14. d5 exd5
15. cxd5 Ne5 16. Qe2 c4 17. Bf5 g6 18. f4 gxf5 19. fxe5 dxe5 20. Qxc4 Rc8 21.
Qd3 Qd7 22. Rad1 Rfd8 23. Qd2 Qd6 24. a4 Rd7 25. a5 bxa5 26. Qxa5 f4 27. Bc1
fxg3 28. hxg3 Rc5 29. Qa4 Rxd5 30. Qg4+ Kh8 31. Rxd5 Qxd5 32. Bg5 Bg7 33. Rc1
f6 34. Rc8+ Rd8 35. Be3 a6 36. Kh2 Rg8 37. Qf5 Qf7 38. Rc6 Qb7 39. Rc4 Qf7 40.
Rc6 Qb7 41. Rc4 Qf7 42. Rc6 1/2-1/2

[Event "Südlohner SV 1 - SF Essen-Werden 1"]
[Site "NRW-Klasse - Gruppe 2 2019/20"]
[Date "2019.09.08"]
[Round "1.4"]
[White "Doennebrink, Elmar"]
[Black "Berger, Konstantin"]
[Result "1/2-1/2"]
[WhiteElo "2075"]
[BlackElo "2094"]
[Annotator "Daniel"]
[PlyCount "108"]
[EventDate "2019.??.??"]
[SourceVersionDate "2020.03.16"]
[WhiteTeam "Südlohner SV 1"]
[BlackTeam "SF Essen-Werden 1"]

1. e4 c5 2. b3 d6 3. Bb2 Nf6 4. Nc3 a6 5. f4 b5 6. e5 dxe5 7. fxe5 Ng4 8. Nf3
Nc6 9. Qe2 h5 10. Qe4 Qc7 11. Nd5 Qb7 12. a4 Nb4 13. Nc7+ Qxc7 14. Qxa8 Nxc2+
15. Ke2 Nxa1 16. Bxa1 bxa4 17. bxa4 e6 18. h3 Nh6 19. Kf2 Qb7 20. Qxb7 Bxb7 21.
Bc4 Kd7 22. Rb1 Kc7 23. Bc3 Be7 24. Rb2 Ra8 25. Ba5+ Kc8 26. Bb6 Bd5 27. Be2
Kd7 28. Rc2 Bb3 29. Rc3 Bxa4 30. Bxc5 Bxc5+ 31. Rxc5 a5 32. Nd4 Kd8 33. Bxh5
Bd7 34. Nc2 Rc8 35. Rxc8+ Kxc8 36. Ke3 Bc6 37. g3 Kc7 38. Kd3 g6 39. Bd1 Bg2
40. h4 Kb6 41. Ne3 Bh3 42. Ba4 Kc5 43. Kc3 Bf5 44. d4+ Kb6 $11 45. Nc4+ Kc7 46.
Nxa5 Be4 47. Nc4 Nf5 48. g4 Nxh4 49. Be8 Kd8 50. Bxf7 Ke7 51. Nd6 Bf3 52. g5
Bh5 53. d5 exd5 54. Bxd5 Nf3 1/2-1/2

[Event "Südlohner SV 1 - SF Essen-Werden 1"]
[Site "NRW-Klasse - Gruppe 2 2019/20"]
[Date "2019.09.08"]
[Round "1.5"]
[White "ter Steeg, Marcus"]
[Black "Engels, Natia"]
[Result "1/2-1/2"]
[WhiteElo "2023"]
[BlackElo "2063"]
[PlyCount "86"]
[EventDate "2019.??.??"]
[SourceVersionDate "2020.03.16"]
[WhiteTeam "SF Essen-Werden 1"]
[BlackTeam "Südlohner SV 1"]

1. d4 Nf6 2. Nf3 d5 3. Bg5 e6 4. e3 Be7 5. Nbd2 Nbd7 6. Bd3 c5 7. c3 O-O 8. Ne5
Qc7 9. f4 b6 10. Qf3 Bb7 11. g4 Nxe5 12. fxe5 Ne4 13. Bxe7 Qxe7 14. Nxe4 dxe4
15. Bxe4 Qh4+ 16. Ke2 Ba6+ 17. Bd3 Bxd3+ 18. Kxd3 Rac8 19. Qg3 Qe7 20. Kc2 Qb7
21. Rad1 b5 22. Kb1 b4 23. cxb4 Qxb4 24. Qe1 Qb7 25. Rc1 Qe4+ 26. Ka1 cxd4 27.
exd4 Rxc1+ 28. Qxc1 Qxd4 29. Qc7 Qxg4 30. Qxa7 Qe4 31. Rc1 Qxe5 32. a4 f5 33.
Rc5 Qe1+ 34. Ka2 f4 35. Rg5 g6 36. Rb5 f3 37. Qe7 Rf7 38. Rb8+ Kg7 39. Qd8 Qe4
40. Qg8+ Kf6 41. Qd8+ Kg7 42. Qg8+ Kf6 43. Qd8+ Kg7 1/2-1/2

[Event "Südlohner SV 1 - SF Essen-Werden 1"]
[Site "NRW-Klasse - Gruppe 2 2019/20"]
[Date "2019.09.08"]
[Round "1.6"]
[White "Funke, Reinhard"]
[Black "Claussen, Uwe"]
[Result "1-0"]
[WhiteElo "2050"]
[BlackElo "2019"]
[PlyCount "73"]
[EventDate "2019.??.??"]
[SourceVersionDate "2020.03.16"]
[WhiteTeam "Südlohner SV 1"]
[BlackTeam "SF Essen-Werden 1"]

1. d4 d5 2. c4 e6 3. Nf3 Nf6 4. Nc3 c6 5. e3 Nbd7 6. Bd3 Be7 7. b3 b6 8. O-O
Bb7 9. Bb2 O-O 10. Qe2 dxc4 11. bxc4 c5 12. Rfd1 cxd4 13. exd4 Qc7 14. d5 Qf4
15. h3 Nc5 16. Bc1 Qb8 17. Bc2 exd5 18. cxd5 Re8 19. Qc4 Ba6 20. Nb5 Bd6 21.
Bg5 Nfe4 22. a4 h6 23. Be3 Qd8 24. Bd4 Qd7 25. Bb2 Rac8 26. Qd4 f6 27. Re1 Ng5
28. Nxg5 hxg5 29. Bf5 Qxf5 30. Nxd6 Qg6 31. Rxe8+ Rxe8 32. Nxe8 Qxe8 33. d6 Bc8
34. Rd1 Qxa4 35. Qxa4 Nxa4 36. Ba3 Bd7 37. Re1 1-0

[Event "Südlohner SV 1 - SF Essen-Werden 1"]
[Site "NRW-Klasse - Gruppe 2 2019/20"]
[Date "2019.09.08"]
[Round "1.7"]
[White "Huette, Stefan"]
[Black "Teloeken, Andreas"]
[Result "1/2-1/2"]
[WhiteElo "1994"]
[BlackElo "2025"]
[Annotator "Daniel"]
[PlyCount "135"]
[EventDate "2019.??.??"]
[SourceVersionDate "2020.03.16"]
[WhiteTeam "SF Essen-Werden 1"]
[BlackTeam "Südlohner SV 1"]

1. d4 d5 2. Bg5 Qd6 3. c3 Nf6 4. Nd2 g6 5. Ngf3 Bg7 6. e3 Bf5 7. Be2 O-O 8. Ne5
Nfd7 9. Nxd7 Qxd7 10. Nf3 Nc6 11. Bf4 f6 12. O-O Kh8 13. Nd2 e5 14. Bg3 Ne7 15.
f3 Be6 16. Nb3 b6 17. e4 c6 18. dxe5 fxe5 19. Qc1 a5 20. Bf2 a4 21. Nd2 Qb7 22.
Rd1 Rfd8 23. Qc2 Bg8 24. b3 b5 25. Bc5 $11 Nc8 26. exd5 cxd5 27. Qd3 Na7 28.
Rab1 Qc7 29. Bf2 Be6 30. g4 axb3 31. axb3 Qf7 32. Ra1 b4 33. Ra6 bxc3 34. Rda1
cxd2 35. Rxa7 Rxa7 36. Rxa7 Qf4 37. Be3 Qb4 38. Bxd2 Qb6+ 39. Be3 d4 40. Bg5
Qxa7 41. Bxd8 Qb8 42. Bh4 Qxb3 43. Qa6 Qa2 44. Qb5 Qd5 45. Qe8+ Bg8 46. Qe7 Qe6
47. Qd8 Qd5 48. Qe7 Qe6 49. Qd8 Qd5 50. Qe7 Qf7 51. Qd8 Qf4 52. Bg5 Qf8 53. Qd7
Qc5 54. Be7 Qc1+ 55. Kg2 Qe3 56. Kf1 Qf4 57. Kg2 e4 58. fxe4 Qxe4+ 59. Bf3 Qc2+
60. Kg1 Qc1+ 61. Kg2 Qd2+ 62. Kg1 Qf4 63. Kg2 Be5 64. Qd8 Qxh2+ 65. Kf1 Qf4 66.
Kf2 Bg7 67. g5 Qh2+ 68. Kf1 1/2-1/2

[Event "Südlohner SV 1 - SF Essen-Werden 1"]
[Site "NRW-Klasse - Gruppe 2 2019/20"]
[Date "2019.09.08"]
[Round "1.8"]
[White "Hater, Wolfgang"]
[Black "Rehfeldt, Jens"]
[Result "0-1"]
[WhiteElo "1997"]
[BlackElo "1938"]
[PlyCount "66"]
[EventDate "2019.??.??"]
[SourceVersionDate "2020.03.16"]
[WhiteTeam "Südlohner SV 1"]
[BlackTeam "SF Essen-Werden 1"]

1. e4 d5 2. e5 c5 3. Bb5+ Nc6 4. Bxc6+ bxc6 5. f4 h5 6. Nf3 Ba6 7. d3 Qb6 8. a4
e6 9. a5 Qc7 10. Nbd2 Nh6 11. O-O c4 12. Qe2 cxd3 13. cxd3 Bc5+ 14. Kh1 Rb8 15.
Nh4 Ng4 16. Rf3 Qe7 17. g3 Kd7 18. h3 Nh6 19. Nf1 Bd4 20. Ne3 g6 21. Nd1 Rb3
22. Bd2 Rhb8 23. Bc3 Qc5 24. Ng2 Bxc3 25. bxc3 Rb1 26. Ra2 Qxc3 27. Kh2 Qb3 28.
Rc2 Nf5 29. Qf2 Rxd1 30. Qxa7+ Qb7 31. Qc5 Qb5 32. Qc3 d4 33. Qa3 Qb1 0-1

[Event "SK Münster 3 - SG Turm Raesfeld/Erle 1"]
[Site "NRW-Klasse - Gruppe 2 2019/20"]
[Date "2019.09.08"]
[Round "1.1"]
[White "Wilger, Frank"]
[Black "Seegers, Hendrik"]
[Result "1/2-1/2"]
[WhiteElo "2097"]
[BlackElo "2089"]
[PlyCount "161"]
[EventDate "2019.??.??"]
[SourceVersionDate "2020.03.16"]
[WhiteTeam "SG Turm Raesfeld/Erle 1"]
[BlackTeam "SK Münster 3"]

1. d4 d5 2. Nf3 e6 3. e3 Nf6 4. Bd3 Nbd7 5. Nbd2 Be7 6. O-O c5 7. b3 cxd4 8.
exd4 Qc7 9. Bb2 b6 10. Re1 Bb7 11. Ne5 Nxe5 12. dxe5 Nd7 13. Qg4 g6 14. Rac1
Nc5 15. Bf1 O-O 16. c4 Qd7 17. Nf3 Rfd8 18. h4 dxc4 19. Bxc4 Bxf3 20. gxf3 Qd2
21. Bc3 Qh6 22. Bd4 Qxh4 23. Qxh4 Bxh4 24. Bxc5 bxc5 25. Re4 Be7 26. Ba6 Rd2
27. Re2 Rad8 28. Kf1 R8d5 29. Rce1 Bg5 30. Bc4 Rxe2 31. Rxe2 Rd2 32. Re4 Rxa2
33. Kg2 Rd2 34. Kg3 Rd4 35. Re2 Bf4+ 36. Kg2 Rd2 37. Re4 g5 38. Re1 Kg7 39. Ra1
Bxe5 40. Rxa7 Kf6 41. Bb5 Rd8 42. Ra2 h5 43. Rc2 Bd4 44. Rc1 Rb8 45. Bc4 Ra8
46. Rc2 Ra1 47. Kg3 Rg1+ 48. Kh3 Rb1 49. f4 gxf4 50. Kg2 Kg5 51. Ra2 Rb2 52.
Rxb2 Bxb2 53. Kf3 Bd4 54. Bb5 f5 55. Kg2 e5 56. f3 Kf6 57. Bd3 Bc3 58. Bc2 Be1
59. Bd3 h4 60. Bc2 Bg3 61. Bd3 Be1 62. Bc2 Ke6 63. Bd3 Bd2 64. Bc2 e4 65. fxe4
fxe4 66. Bxe4 Ke5 67. Bc6 Kd4 68. Kf3 h3 69. Bd7 Kc3 70. Be6 Kc2 71. Bf7 Kd1
72. Be6 h2 73. Kg2 f3+ 74. Kxh2 Ke1 75. Bc4 Bf4+ 76. Kh1 Be3 77. Bb5 Bd4 78.
Bc4 Kd2 79. Bb5 Kc3 80. Bc4 Kc2 81. Bd5 1/2-1/2